Medzinárodný menový problém so zvláštnym zreteľom na Francúzsku stabilizáciu

Guardado en:
Detalles Bibliográficos
Autor principal: Karvaš, Imrich
Formato: Libro
Lenguaje:eslovaco
Publicado: Bratislava Štátna tlač Praha 1929
Etiquetas: Agregar Etiqueta
Sin Etiquetas, Sea el primero en etiquetar este registro!

MARC

LEADER 00000nam a2200000 4500
001 c111224
005 20041019155149.1
041 0 |a slo 
044 |a SK 
245 1 0 |a Medzinárodný menový problém so zvláštnym zreteľom na Francúzsku stabilizáciu  |c Imrich Karvaš 
264 1 |a Bratislava  |b Štátna tlač Praha  |c 1929 
300 |a 45 s. 
100 1 |a Karvaš, Imrich